000 00445nam a2200133Ia 4500
008 221007s9999 xx 000 0 und d
041 _aeng
082 _bDES
100 _aDeshpande Shreya - 2k141112; Prof.Pranita Sonar - Guide & [Company Name] - Tata Consultancy Services,Pune
_9103744
245 _aPre Engagement Model For Campus Perspective
260 _cSep-15
_bSavitribai Phule Pune University
_aPune
300 _a89p
906 _bGeneral
999 _c75077
_d75077